| 000 | 01094cam a22003373a 4500 | ||
|---|---|---|---|
| 001 | 28334 | ||
| 003 | PGUSA | ||
| 005 | 20140828083619.0 | ||
| 008 | 090315s2009||||xxu|||||s|||||000 | eng d | ||
| 040 |
_aPGUSA _beng |
||
| 042 | _adc | ||
| 050 | 4 | _aPR | |
| 100 | 1 |
_aShakespeare, William, _d1564-1616 |
|
| 245 | 1 | 4 |
_aThe New Hudson Shakespeare : _bJulius Cæsar _h[electronic resource] / _cWilliam Shakespeare |
| 260 |
_bProject Gutenberg, _c2009 |
||
| 506 | _aPublic domain in the USA. | ||
| 516 | _aElectronic text | ||
| 653 | _aConspiracies -- Drama | ||
| 653 | _aCaesar, Julius -- Assassination -- Drama | ||
| 653 | _aBrutus, Marcus Junius, 85 B.C.?-42 B.C. -- Drama | ||
| 653 | _aAssassins -- Drama | ||
| 653 | _aRome -- History -- Civil War, 43-31 B.C. -- Drama | ||
| 653 | _aTragedies | ||
| 700 | 1 |
_aGeorge, Andrew Jackson, _d1855-1907 |
|
| 700 | 1 |
_aHudson, Henry Norman, _d1814-1886 |
|
| 700 | 1 |
_aBlack, Ebenezer Charlton, _d1861-1927 |
|
| 740 | 0 | _aJulius Caesar | |
| 830 | 0 |
_aProject Gutenberg _v28334 |
|
| 856 | 4 | 0 | _uhttp://www.gutenberg.org/ebooks/28334 |
| 942 | _cEB | ||
| 999 |
_c257589 _d257589 |
||